| 000 | 00862 am a2200277ua 4500 | ||
|---|---|---|---|
| 001 | 008073047 | ||
| 005 | 20131111134158.0 | ||
| 008 | 851021s1985 enka | 001 | eng | ||
| 010 | _a84007254 | ||
| 020 | _a047189530X | ||
| 020 | _a9780471895305 | ||
| 050 | 0 | 0 | _aHB139 |
| 082 | 0 | 4 |
_a330.028 _222 _bTHE |
| 245 | 1 | 4 |
_aThe theory and practice of econometrics / _cGeorge G. Judge ... [et al.]. |
| 250 | _a2nd ed. | ||
| 260 |
_aNew York ; _aChichester : _bWiley, _cc1985. |
||
| 300 |
_axxix,1019p. : _bill. ; _c24cm. |
||
| 490 | 0 | _aWiley series in probability and mathematical statistics | |
| 500 | _aPrevious ed.: 1980. | ||
| 504 | _aIncludes bibliographical references and index. | ||
| 650 | 0 |
_aEconometrics. _934432 |
|
| 653 |
_aEconometrics _cNovember2013 |
||
| 655 |
_vreading book _934232 |
||
| 700 |
_93226 _aJudge, George G. |
||
| 942 |
_2ddc _cBB |
||
| 999 |
_c17750 _d17722 |
||